SOFTWARE TESTING (Record no. 8211)

MARC details
000 -LEADER
fixed length control field 00486nam a22001577a 4500
003 - CONTROL NUMBER IDENTIFIER
control field SGT
020 ## - INTERNATIONAL STANDARD BOOK NUMBER
International Standard Book Number 9788189757908
082 ## - DEWEY DECIMAL CLASSIFICATION NUMBER
Classification number 005.1
Item number CHO
100 ## - MAIN ENTRY--PERSONAL NAME
Personal name CHOPRA,RAJIV
245 ## - TITLE STATEMENT
Title SOFTWARE TESTING
Remainder of title A PRACTICAL APPROACH
260 ## - PUBLICATION, DISTRIBUTION, ETC. (IMPRINT)
Place of publication, distribution, etc NEW DELHI
Name of publisher, distributor, etc S.K. KATARIA & SONS
Year of Publication 2012
300 ## - PAGE DESCRIPTION
No. of Pages 450
650 ## - SUBJECT ADDED ENTRY--TOPICAL TERM
Topical term or geographic name as entry element COMPUTER SCIENCE ENGINEERING
653 ## - KEYWORDS--INDEX TERM
Keyword term SOFTWARE VERIFICATION,SOFTWARE VALIDATION,BLACK BOX TESTING TECHNIQUES,WHITE BOX TESTING TECHNIQUES,GRAY BOX TESTING,
942 ## - ADDED ENTRY ELEMENTS (KOHA)
Source of classification or shelving scheme Dewey Decimal Classification
Koha item type Books
Holdings
Withdrawn status Lost status Source of classification or shelving scheme Damaged status Not for loan Home library Current library Shelving location Date acquired Vendor Name Cost, normal purchase price SGTU Total Checkouts Full call number Accession No. (Barcode) Date last seen Bill Date Koha item type
    Dewey Decimal Classification     SGT Engineering Library SGT Engineering Library Reference Book 05/01/2016 GIFTED 250.00 SGTU   005.1 CHO FE6437 05/01/2016 05/01/2016 Books